000 00761nam a2200253 i 4500
001 bg
100 1 _aBieä, Witold.
245 1 0 _aEkonomika i analiza działalności przedsiębiorstwa budowlanego /
_cWitold Bień.
250 _aWyd.4 popr. i uzup.
260 _aWarszawa :
_bPaństwowe Wydawnictwo Ekonomiczne,
_c1981.
300 _a394, [2] s. :
_bil. ;
_c21 cm.
504 _aBibliogr. przy rozdz.
521 8 _aDla studentów wyższych szkół ekonomicznych
650 9 _aBudownictwo
_xekonomika
650 9 _aPrzedsiębiorstwo
_xekonomika
020 _a8320801079
040 _cBPK
041 0 _apol
044 _aPOL
080 _a658.1/.5::69(075.8)
920 _a83-208-0107-9
942 _cKS
008 100820s1981 pl a |000 0 pol
999 _c49609
_d49609
856 _uhttp://koha.tu.koszalin.pl/cgi-bin/koha/opac-detail.pl?biblionumber=49609
_yKatalog online BPK